000 00874naa a22002417u 4500
001 17654
003 HDC
007 cr bn ---aaaaa
008 210224t201104 xx 000 0 eng
040 _aHDC
100 _aFe Jazzareen Mor Japar Khan,
_eauthor
_92464
245 0 _aKNOWLEDGE MANAGEMENT IN THE WORLD OF HALAL /
_cby Fe Jazzareen Mor Japar Khan
260 _a[No place] :
_b[publisher not identified],
_c[no year]
336 _atext
_2rdacontent
337 _acomputer
_2rdamedia
338 _aonline resource
_2rdacarrier
650 _aHalal food industry
_zMalaysia
_9218
650 _aKnowledge management
_zMalaysia
_916941
856 _zRequest full-text at [email protected]
942 _2lcc
942 _cEIJ
942 _kEMAG 000632
999 _c14970
_d14970